000 01151nam a22003011c 4500
001 EBC3137365
008 191010s2013 gw |||| 000u eng d
020 _a9786155225772
_a978-6-15-522576-5
_9978-6-15-522577-2
041 _aeng
245 0 3 _aAn empire of others :
_bmaking ethnographic knowledge in imperial Russia and the USSR /
_cedited by Roland Cvetkovski and Alexis Hofmeister
264 _aBudapest ; New York :
_bCentral European University Press,
_c2013
300 _a1 online resource (415 pages)
336 _aText
_btxt
_2rdacontent
337 _aComputermedien
_bc
_2rdamedia
338 _aOnline-Ressource
_bcr
_2rdacarrier
500 _aE-Book-ProQuest / Fernzugriff nach Registrierung möglich
500 _aIncludes bibliographical references and index
650 0 _aVolkskunde
651 0 _aRussland
651 0 _aSowjetunion
655 0 _aFernzugriff
700 1 _aCvetkovski, Roland
_eHerausgeberIn
700 1 _aHofmeister, Alexis
_eHerausgeberIn
856 4 _uhttps://ebookcentral.proquest.com/lib/maxweberstiftung-ebooks/detail.action?docID=3137365
942 _cEB
040 _cRU-10907106
003 RU-10907106
999 _c29086
_d29086